La otra guerra : una historia del cementerio argentino en las islas Malvinas /
"En 1982, tras la guerra entre Argentina y Gran Bretaña por las islas Malvinas, el ejército inglés ordenó al oficial Cardozo que identificara a los soldados argentinos fallecidos en ese territorio y diseñara un cementerio para albergarlos. Los resultados de su trabajo llegaron al gobierno argen...
Guardado en:
| Autor Principal: | |
|---|---|
| Formato: | Libro |
| Idioma: | Spanish |
| Publicado: |
Barcelona :
Anagrama,
2024.
|
| Edición: | 4a. ed. |
| Series: | Nuevos cuadernos Anagrama ;
37 |
| Materias: | |
| Etiquetas: |
Agregar Etiqueta
Sin Etiquetas, Sea el primero en etiquetar este registro!
|
| LEADER | 01458nam a22002415a 4500 | ||
|---|---|---|---|
| 001 | EUN.eunm009582 | ||
| 008 | 250829s2024####sp#####g######000#0#spa#d | ||
| 005 | 20251113125517.0 | ||
| 245 | 1 | 3 | |a La otra guerra : |b una historia del cementerio argentino en las islas Malvinas / |c Leila Guerriero. |
| 250 | |a 4a. ed. | ||
| 260 | |a Barcelona : |b Anagrama, |c 2024. | ||
| 300 | |a 94 p. ; |c 18 cm. | ||
| 490 | 1 | |a Nuevos cuadernos Anagrama ; |v 37 | |
| 520 | 2 | |a "En 1982, tras la guerra entre Argentina y Gran Bretaña por las islas Malvinas, el ejército inglés ordenó al oficial Cardozo que identificara a los soldados argentinos fallecidos en ese territorio y diseñara un cementerio para albergarlos. Los resultados de su trabajo llegaron al gobierno argentino, que no los hizo públicos ni los dio a conocer a los familiares de los caídos, de modo que estos permanecieron sin identificar. Este libro narra los esfuerzos exitosos y recientes, por restituir una memoria opacada por la inacción institucional, el orgullo nacionalista y la sombra de la dictadura." p.[1] | |
| 020 | |a 9788433916488 | ||
| 100 | 1 | |a Guerriero, Leila, |d 1967-, |e autor. |4 aut | |
| 830 | 0 | |a Nuevos cuadernos Anagrama ; |v 37 | |
| 082 | 0 | 4 | |a 982.91 |2 21 |
| 650 | 7 | |a Historia |2 unbist | |
| 650 | 4 | |a Guerra de las Malvinas, 1982 | |
| 651 | 4 | |a Argentina | |
| 651 | 4 | |a Islas Malvinas (Tierra del Fuego, Antártida e Islas del Atlántico Sur) | |
| 859 | |a AR-BaUNS |b BIB. CENTRAL - Sector A |h 982.91 |i G937 |p 129030/025 | ||
